{"text_format":"3","workbook":"xlsx","n_sheets":3,"sheets":["Sheet1","Sheet2","Sheet3"],"read":"whole","date_system":"1900"}

{"sheet":"Sheet1","index":0,"n_rows":118,"n_cols":7,"rows_kept":118,"merged":[[0,0,0,6],[2,0,13,0],[14,0,42,0],[43,0,53,0],[54,0,86,0],[87,0,90,0],[91,0,97,0],[98,0,103,0],[104,0,116,0],[117,0,117,1]]}
["云南省种羊繁育推广中心2023年兽药采购项目报价单"]
["类别","品名","规格","单位","数量","单价","金额"]
["抗生素","解炎舒","50ml","瓶",60,{"v":19,"d":"19.00"},{"$f":"E3*F3","v":{"v":1140,"d":"1140.00"}}]
[null,"爱力米先","50ml","瓶",10,{"v":13,"d":"13.00"},{"v":130,"d":"130.00"}]
[null,"磺胺脒片","1000s","瓶",10,{"v":15,"d":"15.00"},{"v":150,"d":"150.00"}]
[null,"链霉素","50×100万IU","盒",20,{"v":28,"d":"28.00"},{"v":560,"d":"560.00"}]
[null,"青霉素","50×50×80万IU","件",1,{"v":240,"d":"240.00"},{"v":240,"d":"240.00"}]
[null,"青霉素钾","50×20×160万IU","件",2,{"v":400,"d":"400.00"},{"v":800,"d":"800.00"}]
[null,"克林绝顶","10×10ml×40盒","件",1,{"v":800,"d":"800.00"},{"v":800,"d":"800.00"}]
[null,"咳喘王","10×10ml×40盒","件",1,{"v":800,"d":"800.00"},{"v":800,"d":"800.00"}]
[null,"硫酸庆大霉素","10ml*10*60盒","盒",180,{"v":9,"d":"9.00"},{"v":1620,"d":"1620.00"}]
[null,"油剂普鲁卡因青霉素","10×300万IU","盒",10,{"v":35,"d":"35.00"},{"v":350,"d":"350.00"}]
[null,"高热呼感康（林可霉素）","15% 10*10*60盒 ","盒",30,{"v":25,"d":"25.00"},{"v":750,"d":"750.00"}]
[null,"小计",{"$nulls":4},{"$f":"SUM(G3:G13)","v":{"v":7340,"d":"7340.00"}}]
["其他医用材料","离心试管","1.5ml*500支","支",10000,0.15,{"$f":"E15*F15","v":{"v":1500,"d":"1500.00"}}]
[null,"离心管盒","10行*10列","个",110,{"v":12,"d":"12.00"},{"$f":"E16*F16","v":{"v":1320,"d":"1320.00"}}]
[null,"塑注50ml","50ml*20支/包","支",300,0.65,{"$f":"E17*F17","v":{"v":195,"d":"195.00"}}]
[null,"测微尺","C1","盒",1,{"v":66,"d":"66.00"},{"v":66,"d":"66.00"}]
[null,"羊用假阴道调节钮",null,"个",10,{"v":8,"d":"8.00"},{"v":80,"d":"80.00"}]
[null,"蓝大褂","L号","件",100,{"v":45,"d":"45.00"},{"v":4500,"d":"4500.00"}]
[null,"采血盛血器","5ml","只",5000,{"v":0.8,"d":"0.80"},{"v":4000,"d":"4000.00"}]
[null,"耳标安装器","安乐福","把",10,{"v":260,"d":"260.00"},{"v":2600,"d":"2600.00"}]
[null,"漏斗",null,"个",2,{"v":25,"d":"25.00"},{"$f":"E23*F23","v":{"v":50,"d":"50.00"}}]
[null,"记号笔",null,"支",20,{"v":60,"d":"60.00"},{"v":1200,"d":"1200.00"}]
[null,"口罩",null,"个",100,{"v":0.5,"d":"0.50"},{"v":50,"d":"50.00"}]
[null,"乳胶手套",null,"双",10,{"v":6.5,"d":"6.50"},{"v":65,"d":"65.00"}]
[null,"手术剪","16cm弯 直","把",20,{"v":12,"d":"12.00"},{"v":240,"d":"240.00"}]
[null,"一次性塑料注射器","1ml","支",300,0.25,{"v":75,"d":"75.00"}]
[null,"一次性塑料注射器","20ml","支",1000,{"v":0.4,"d":"0.40"},{"v":400,"d":"400.00"}]
[null,"一次性塑料注射器","50ml","支",300,0.65,{"v":195,"d":"195.00"}]
[null,"一次性外科手套",null,"双",2000,{"v":2,"d":"2.00"},{"v":4000,"d":"4000.00"}]
[null,"羊耳牌",null,"个",2000,{"v":2.8,"d":"2.80"},{"v":5600,"d":"5600.00"}]
[null,"止血钳","18cm弯、直","把",19,{"v":12,"d":"12.00"},{"v":228,"d":"228.00"}]
[null,"盖玻片","100片/盒","盒",10,{"v":6,"d":"6.00"},{"v":60,"d":"60.00"}]
[null,"羊用一次性输精管","1000支/件","件",1,{"v":450,"d":"450.00"},{"v":450,"d":"450.00"}]
[null,"脱脂棉","500g","包",10,{"v":16,"d":"16.00"},{"v":160,"d":"160.00"}]
[null,"羊采精器",null,"套",10,{"v":120,"d":"120.00"},{"v":1200,"d":"1200.00"}]
[null,"集精杯（玻璃）",null,"个",49,{"v":18,"d":"18.00"},{"v":882,"d":"882.00"}]
[null,"实验室废弃物桶","40L","个",3,{"v":88,"d":"88.00"},{"$f":"E39*F39","v":{"v":264,"d":"264.00"}}]
[null,"实验室废弃物袋","50个/包","包",4,{"v":62,"d":"62.00"},{"$f":"E40*F40","v":{"v":248,"d":"248.00"}}]
[null,"羊用开殖器",null,"个",5,{"v":45,"d":"45.00"},{"$f":"E41*F41","v":{"v":225,"d":"225.00"}}]
[null,"水温计",null,"支",10,{"v":2,"d":"2.00"},{"$f":"E42*F42","v":{"v":20,"d":"20.00"}}]
[null,"小计",{"$nulls":4},{"$f":"SUM(G15:G42)","v":{"v":29873,"d":"29873.00"}}]
["驱虫药","阿力佳","100S×5mg","瓶",420,{"v":10,"d":"10.00"},{"$f":"E44*F44","v":{"v":4200,"d":"4200.00"}}]
[null,"氯硝柳胺","100S×500mg","瓶",200,{"v":15,"d":"15.00"},{"$f":"E45*F45","v":{"v":3000,"d":"3000.00"}}]
[null,"阿苯哒唑","100S×500mg","瓶",10,{"v":16,"d":"16.00"},{"v":160,"d":"160.00"}]
[null,"血虫净","10×1g","盒",5,{"v":80,"d":"80.00"},{"v":400,"d":"400.00"}]
[null,"螨净","1000ml","瓶",10,{"v":70,"d":"70.00"},{"v":700,"d":"700.00"}]
[null,"敌百虫片","0.3g*1000片","瓶",30,{"v":30,"d":"30.00"},{"v":900,"d":"900.00"}]
[null,"阿维菌素透皮溶液","100ml","瓶",50,{"v":13,"d":"13.00"},{"v":650,"d":"650.00"}]
[null,"双甲脒","100ml*100瓶","瓶",50,{"v":13,"d":"13.00"},{"v":650,"d":"650.00"}]
[null,"1%伊力佳","10×5ml","盒",10,{"v":25,"d":"25.00"},{"v":250,"d":"250.00"}]
[null,"百球清","100ml","瓶",80,{"v":225,"d":"225.00"},{"v":18000,"d":"18000.00"}]
[null,"小计",{"$nulls":4},{"$f":"SUM(G44:G53)","v":{"v":28910,"d":"28910.00"}}]
["兽用化学药品","阿托品","5×5ml","盒",40,{"v":2,"d":"2.00"},{"$f":"E55*F55","v":{"v":80,"d":"80.00"}}]
[null,"安乃近","30%5*10*120","盒",480,{"v":3.2,"d":"3.20"},{"$f":"E56*F56","v":{"v":1536,"d":"1536.00"}}]
[null,"地塞米松","5ml*10支*100盒","盒",40,{"v":5,"d":"5.00"},{"v":200,"d":"200.00"}]
[null,"乙酰甲喹针","10*5*120","合",120,{"v":2.4,"d":"2.40"},{"v":288,"d":"288.00"}]
[null,"丙三醇（甘油）","500ml","瓶",5,{"v":18,"d":"18.00"},{"v":90,"d":"90.00"}]
[null,"维生素B1针","10*5*120","合",50,{"v":2.8,"d":"2.80"},{"v":140,"d":"140.00"}]
[null,"维乐（复合维生素B）","10*10*60","合",34,{"v":10,"d":"10.00"},{"v":340,"d":"340.00"}]
[null,"0.9%氯化钠","500ml*30","瓶",30,{"v":3.5,"d":"3.50"},{"v":105,"d":"105.00"}]
[null,"葡萄糖氯化钠","500ml*30瓶","瓶",30,{"v":3.5,"d":"3.50"},{"v":105,"d":"105.00"}]
[null,"干酵母片","100S*500包","件",2,{"v":350,"d":"350.00"},{"v":700,"d":"700.00"}]
[null,"大黄苏打片","100s*500","包",500,{"v":0.7,"d":"0.70"},{"v":350,"d":"350.00"}]
[null,"乳酶生片","1000片/瓶","瓶",80,{"v":9,"d":"9.00"},{"v":720,"d":"720.00"}]
[null,"混感金针","10*10*40","盒",19,{"v":16,"d":"16.00"},{"v":304,"d":"304.00"}]
[null,"维生素AD","5ml*10支/盒","盒",30,{"v":35,"d":"35.00"},{"v":1050,"d":"1050.00"}]
[null,"呋塞米","10ml*10支","盒",10,{"v":10,"d":"10.00"},{"v":100,"d":"100.00"}]
[null,"百炎净","50g×200包","件",1,{"v":480,"d":"480.00"},{"v":480,"d":"480.00"}]
[null,"健胃开食针","10×10ml×40","件",1,{"v":400,"d":"400.00"},{"v":400,"d":"400.00"}]
[null,"口服补液盐","60×250g","件",2,{"v":270,"d":"270.00"},{"v":540,"d":"540.00"}]
[null,"葡萄糖酸钙","20ml*5支*80","盒",50,{"v":3.5,"d":"3.50"},{"v":175,"d":"175.00"}]
[null,"葡萄糖注射液","10%×20×500ml","件",1,{"v":60,"d":"60.00"},{"v":60,"d":"60.00"}]
[null,"葡萄糖注射液","5%×20×500ml","件",1,{"v":60,"d":"60.00"},{"v":60,"d":"60.00"}]
[null,"葡萄糖注射液","50% 500ml","瓶",50,{"v":8,"d":"8.00"},{"v":400,"d":"400.00"}]
[null,"脱霉佳","1kg","袋",10,{"v":20,"d":"20.00"},{"v":200,"d":"200.00"}]
[null,"注射用血促性素","1000单位","支",200,{"v":30,"d":"30.00"},{"v":6000,"d":"6000.00"}]
[null,"咳喘急救包","20套/件","套",50,{"v":50,"d":"50.00"},{"v":2500,"d":"2500.00"}]
[null,"同达（引导海绵栓）","40mg","个",100,{"v":18,"d":"18.00"},{"v":1800,"d":"1800.00"}]
[null,"生理盐水","150×100ml","件",2,{"v":270,"d":"270.00"},{"v":540,"d":"540.00"}]
[null,"速尿","10ml×5/盒","盒",20,{"v":9,"d":"9.00"},{"v":180,"d":"180.00"}]
[null,"缩宫素","2ml*10*200盒","盒",50,{"v":3,"d":"3.00"},{"v":150,"d":"150.00"}]
[null,"维生素C","5×10ml","盒",30,{"v":2.8,"d":"2.80"},{"v":84,"d":"84.00"}]
[null,"浓缩消胀促刍口服液","100mlm*80瓶","瓶",20,{"v":16,"d":"16.00"},{"v":320,"d":"320.00"}]
[null,"藿香正气水","10*10*100盒 ","盒",200,{"v":6,"d":"6.00"},{"v":1200,"d":"1200.00"}]
[null,"小计",{"$nulls":4},{"$f":"SUM(G55:G86)","v":{"v":21197,"d":"21197.00"}}]
["杀虫药","来福灵","80ml*50瓶","件",33,{"v":456,"d":"456.00"},{"$f":"E88*F88","v":{"v":15048,"d":"15048.00"}}]
[null,"敌敌畏","77.5%×300ml×20瓶","件",51,{"v":348,"d":"348.00"},{"$f":"E89*F89","v":{"v":17748,"d":"17748.00"}}]
[null,"杀虫双","18% 650ml*20瓶","件",40,{"v":140,"d":"140.00"},{"$f":"E90*F90","v":{"v":5600,"d":"5600.00"}}]
[null,"小计",{"$nulls":4},{"$f":"SUM(G88:G90)","v":{"v":38396,"d":"38396.00"}}]
["疫苗","传染性胸膜肺炎疫苗","100ml","瓶",80,{"v":80,"d":"80.00"},{"$f":"E92*F92","v":{"v":6400,"d":"6400.00"}}]
[null,"小反刍疫苗","50头份","瓶",200,{"v":40,"d":"40.00"},{"$f":"E93*F93","v":{"v":8000,"d":"8000.00"}}]
[null,"山羊痘疫苗","50头份","瓶",80,{"v":9,"d":"9.00"},{"$f":"E94*F94","v":{"v":720,"d":"720.00"}}]
[null,"羊六联苗","20头份","瓶",150,{"v":70,"d":"70.00"},{"v":10500,"d":"10500.00"}]
[null,"牛出败苗（牛巴氏杆菌灭火疫苗）","100ml","瓶",30,{"v":18,"d":"18.00"},{"v":540,"d":"540.00"}]
[null,"牛病毒性腹泻/传染性鼻气管炎二联灭活疫苗","25头份","瓶",10,{"v":750,"d":"750.00"},{"v":7500,"d":"7500.00"}]
[null,"小计",{"$nulls":4},{"$f":"SUM(G92:G97)","v":{"v":33660,"d":"33660.00"}}]
["中成药","穿心莲","5×10ml","盒",120,{"v":1.6,"d":"1.60"},{"$f":"E99*F99","v":{"v":192,"d":"192.00"}}]
[null,"柴胡","10ml*10支*60盒","盒",240,{"v":9,"d":"9.00"},{"$f":"E100*F100","v":{"v":2160,"d":"2160.00"}}]
[null,"大黄腾","10ml*5*120","盒",480,{"v":3,"d":"3.00"},{"v":1440,"d":"1440.00"}]
[null,"黄芪多糖","10×10ml","盒",60,{"v":10,"d":"10.00"},{"v":600,"d":"600.00"}]
[null,"益母草注射液","10*10*40","盒",22,{"v":16,"d":"16.00"},{"v":352,"d":"352.00"}]
[null,"小计",{"$nulls":4},{"$f":"SUM(G99:G103)","v":{"v":4744,"d":"4744.00"}}]
["消毒剂","酒精","75%×500ml×40瓶","瓶",320,{"v":6,"d":"6.00"},{"$f":"E105*F105","v":{"v":1920,"d":"1920.00"}}]
[null,"来苏儿","500ml×40瓶","件",9,{"v":100,"d":"100.00"},{"$f":"E106*F106","v":{"v":900,"d":"900.00"}}]
[null,"碘化钾","500g","瓶",18,{"v":250,"d":"250.00"},{"v":4500,"d":"4500.00"}]
[null,"碘片","250g","瓶",60,{"v":260,"d":"260.00"},{"v":15600,"d":"15600.00"}]
[null,"消毒灵（复合酚）","1000ml×20瓶","瓶",300,{"v":26,"d":"26.00"},{"v":7800,"d":"7800.00"}]
[null,"高锰酸钾","500g","瓶",8,{"v":15,"d":"15.00"},{"v":120,"d":"120.00"}]
[null,"天迪洁（戊二醛）","1000ml×15瓶","件",2,{"v":225,"d":"225.00"},{"v":450,"d":"450.00"}]
[null,"双氧水","500ml×40瓶","件",4,{"v":100,"d":"100.00"},{"v":400,"d":"400.00"}]
[null,"伟斯特（聚维酮碘）","1000ml*15瓶","瓶",90,{"v":23,"d":"23.00"},{"v":2070,"d":"2070.00"}]
[null,"依达瑞克（过硫酸氢钾）","1kg","桶",20,{"v":75,"d":"75.00"},{"v":1500,"d":"1500.00"}]
[null,"新洁尔灭","500ml×40瓶","件",5,{"v":100,"d":"100.00"},{"v":500,"d":"500.00"}]
[null,"甲醛","500ml*20瓶","瓶",20,{"v":6,"d":"6.00"},{"v":120,"d":"120.00"}]
[null,"小计",{"$nulls":4},{"$f":"SUM(G105:G116)","v":{"v":35880,"d":"35880.00"}}]
["合计",{"$nulls":5},{"$f":"SUM(G117,G104,G98,G91,G87,G54,G43,G14)","v":{"v":200000,"d":"200000.00"}}]

{"sheet":"Sheet2","index":1,"n_rows":0,"n_cols":0,"rows_kept":0}

{"sheet":"Sheet3","index":2,"n_rows":0,"n_cols":0,"rows_kept":0}